Introduction to optimum design

Na minha lista:
Detalhes bibliográficos
Autor principal: Arora, Jasbir S
Formato: Sách
Idioma:Undetermined
Publicado em: Academic Press 2017
Assuntos:
Tags: Adicionar Tag
Sem tags, seja o primeiro a adicionar uma tag!
Thư viện lưu trữ: Trung tâm Thư viện - Trường Đại học Công nghiệp TP. Hồ Chí Minh
LEADER 00483nam a2200157Ia 4500
001 UIH_00066
008 230809s9999 xx 000 0 und d
082 |a 620.0042 
100 |a Arora, Jasbir S 
245 0 |a Introduction to optimum design 
245 0 |c Arora, Jasbir S 
260 |b Academic Press 
260 |c 2017 
650 |a Structural optimization;Engineering design; 
927 |a Sách 
980 |a Trung tâm Thư viện - Trường Đại học Công nghiệp TP. Hồ Chí Minh